000 00485nam a2200157 i 4500
001 21972
003 ES-MaACL
005 20230906152601.0
007 t|
008 021128s1923 fr ||||1| fre d
100 1 _aAleksinskii, Grigorii Alekseevich.
_9171326
245 1 0 _aDu Isarisme au communisme
_b: la Revolution Russe: ses causes et ses effets /
_cGregor Alexinsky.
260 _aParĂ­s :
_b[s.n,
_c1923] (
_fImp. Lux)
300 _a288 p. ;
_c19 cm.
852 _aES-MaACL
_jF-4879
999 _c21972
_d21972